| 000 | 00453cam a2200181ua 4500 | ||
|---|---|---|---|
| 020 | _c6.00 | ||
| 041 |
_amal _h |
||
| 082 |
_a894.812308 _bNAN/KU |
||
| 100 | _aNanukuttan, Kavanalaym . | ||
| 245 |
_aKunjandi chettan / _cKavanalayam Nanukuttan. _hTextual Documents |
||
| 260 |
_aTiruvalla : _bSouthern book stall , _c1963. |
||
| 300 | _a466 ; . | ||
| 365 | _a6.00 | ||
| 504 | _a | ||
| 942 | _cBK | ||
| 999 |
_c4946 _d4946 |
||